000 00417nam a22001697a 4500
003 CEME
005 20210628203035.0
008 210216b xxu||||| |||| 00| 0 eng d
020 _a0-07-136972-4
040 _c.
082 _a657 LER
100 _aLerner, Joel.J , Cashin, James. A
_962988
245 _aPrinciples of accounting
260 _aNEW YORK
_bMCGRAW HILL
_c2001
300 _aV,153P
942 _cBK
_2ddc
999 _c571936
_d571936